000 00624nmm a2200169Ia 4500
008 251105s9999||||xx |||||||||||||||||und||
020 _a9788413051253
041 _aspa
100 _aAvial Chicharro, Lucía
245 0 _aBreve historia de la vida cotidiana de los Pueblos del Próximo Oriente Antiguo: Sumerios, acadios, babilonios, hititas, asirios, fenicios y persas :
_b Vida cotidiana 1
264 _a[Madrid, España] :
_bEdiciones Nowtilus,
_c2020
300 _a320 páginas
490 _aBreve historia
650 _aHistory (General)
856 _uhttps://public.digitaliapublishing.com/a/171965
942 _cCF
999 _c76328
_d76328